| 000 | 00340nam a2200133Ia 4500 | ||
|---|---|---|---|
| 005 | 20260326235454.0 | ||
| 008 | 260326s9999||||xx |||||||||||||| ||und|| | ||
| 100 | _aLampl, Paul | ||
| 245 | 0 |
_aCities and Planning in the Ancient near east / _cPaul Lampl |
|
| 260 | _bGeorge Brazilier | ||
| 300 | _a128 p. | ||
| 650 | _aANTIGUEDAD | ||
| 942 | _cBK | ||
| 999 |
_c7876 _d7876 |
||